000 00758nam a2200217 a 4500
001 20979
003 CO-ViMGA
008 141112s2004 ck r 000 u spa d
040 _aCO-ViMGA
_bspa
_cCO-ViMGA
082 0 4 _a362.293 N124a
110 _aNaciones Unidas. Oficina contra la droga y el delito
_930201
245 1 0 _aAcciones por un país mejor
260 _aBogotá :
_bGente nueva,
_c2005
300 _a32p
505 _aFiscalización de drogas 9 - - Prevención del delito y lucha contra el crimen organizado 26 - - Onusida 30
590 _aForma de adquisición : Donación - - Precio : 10000 - - Fecha de adquisición : Noviembre 2006
650 1 4 _aABUSO DE DROGAS
650 1 4 _aDROGADICCION
650 1 4 _aDROGAS
_913021
942 _2ddc
_cBK
999 _c29821
_d29821